Shakespeare's landlord/ (Record no. 5742)

MARC details
000 -LEADER
fixed length control field 00495nam a22001817a 4500
003 - CONTROL NUMBER IDENTIFIER
control field OSt
005 - DATE AND TIME OF LATEST TRANSACTION
control field 20251117170808.0
008 - FIXED-LENGTH DATA ELEMENTS--GENERAL INFORMATION
fixed length control field 251117b |||||||| |||| 00| 0 eng d
020 ## - INTERNATIONAL STANDARD BOOK NUMBER
International Standard Book Number 0-440-22418-7
040 ## - CATALOGING SOURCE
Original cataloging agency DWCL-Main lib.
Transcribing agency OC
082 ## - DEWEY DECIMAL CLASSIFICATION NUMBER
Classification number Fic. H313s 1996
100 ## - MAIN ENTRY--PERSONAL NAME
Personal name Harris, Chalaine
245 ## - TITLE STATEMENT
Title Shakespeare's landlord/
Statement of responsibility, etc. Chalaine Harris
260 ## - PUBLICATION, DISTRIBUTION, ETC.
Place of publication, distribution, etc. N. Y. :
Name of publisher, distributor, etc. Dell Publishing,
Date of publication, distribution, etc. c1996.
300 ## - PHYSICAL DESCRIPTION
Extent 245 p. ;
Dimensions 17 cm.
650 ## - SUBJECT ADDED ENTRY--TOPICAL TERM
Topical term or geographic name entry element 1. Fiction
942 ## - ADDED ENTRY ELEMENTS (KOHA)
Source of classification or shelving scheme Dewey Decimal Classification
Koha item type Fiction
Classification part Fic.
Suppress in OPAC No
952 ## - LOCATION AND ITEM INFORMATION (KOHA)
--
Holdings
Withdrawn status Lost status Source of classification or shelving scheme Damaged status Not for loan Home library Current library Shelving location Date acquired Source of acquisition Cost, normal purchase price Total Checkouts Full call number Barcode Date last seen Copy number Price effective from Koha item type Uniform Resource Identifier
    Dewey Decimal Classification     College Library College Library Fiction 08/11/2008 Donation 0.00   Fic. H313s 1996 CL46104 11/17/2025 c1 11/17/2025 FIC.